Código de Procedimiento Civil. Concordancias, historia de la ley, jurisprudencia, notas explicativas e índice temático.

I tiakina i:
Ngā taipitopito rārangi puna kōrero
Kaituhi rangatōpū: Chile
Ētahi atu kaituhi: Hernández de Lamotte, Diego Andrés (Director), Fuchs Nissim, Andrés (Director)
Hōputu: Pukapuka
Reo:Pāniora
I whakaputaina: Santiago, Chile: Legal Publishing; Thomson Reuters, 2013
Putanga:Segunda edición.
Rangatū:Códigos Profesionales 2013
Ngā marau:
Ngā Tūtohu: Tāpirihia he Tūtohu
Kāore He Tūtohu, Me noho koe te mea tuatahi ki te tūtohu i tēnei pūkete!

MARC

LEADER 00000cam a2200000 a 4500
001 UCE1956
003 CL-VaPUC
005 20250416110212.0
008 140529e20130000cl |||||||||||||||||spa|d
999 |c 355639  |d 355637 
020 |a 9789563463156 
040 |c Pontificia Universidad Católica de Valparaíso 
082 0 4 |a 347.83 CHI 2013  |2 21 
110 1 |a Chile  |9 890760 
245 1 0 |a Código de Procedimiento Civil.  |b Concordancias, historia de la ley, jurisprudencia, notas explicativas e índice temático. 
250 |a Segunda edición.  |b Actualizada al 1 de marzo de 2013. 
260 |a Santiago, Chile:  |b Legal Publishing;  |b Thomson Reuters,  |c 2013 
300 |a 714 páginas. 
490 0 |a Códigos Profesionales 2013 
505 |a Mensaje del Código de Procedimiento Civil. Mensaje sobre modificaciones a este Código. Decreto N.º 1.107, del Ministerio de Justicia, que aprueba el texto del Código. Ley N.º 1.552. Aprueba Código de Procedimiento Civil. -Libro Primero. Disposiciones Comunes a Todo Procedimiento. -Libro Segundo. Del Juicio Ordinario. -Libro Tercero. De los Juicios Especiales. -Libro Cuarto. De los Actos Judiciales No Contenciosos. Apéndice: -Ley N.º 18.120. Establece normas sobre Comparecencia en Juicio y modifica los artículos 4° del Código de Procedimiento Civil y 523 del Código Orgánico de Tribunales. (D.O. de 18 de mayo de 1982) -Ley N.º 14.908. Sobre Abandono de Familia y Pago de Pensiones Alimenticias. (D.O. de 30 de mayo de 2000) -Ley N.º 16.271. Ley de Impuesto a las Herencias, Asignaciones y Donaciones. (D.O. de 30 de mayo de 2000) -Ley N.º 20.066. Establece Ley de Violencia Intrafamiliar. (D.O. de 7 de octubre de 2005) 
583 |a last modification  |c 20140529 12:24:00  |k Rodrigo Vera 
650 1 |a Derecho civil chileno  |9 320612 
650 1 |a Procedimiento civil   |z Chile   |9 890903 
650 1 0 |a Código civil chileno  |9 255931 
650 1 |a Juicio ordinario   |9 254867 
650 1 |a Juicios especiales   |9 348378 
650 1 |a Actos judiciales no contenciosos  |9 391844 
700 0 |a Hernández de Lamotte, Diego Andrés  |e director  |9 891033 
700 0 |a Fuchs Nissim, Andrés  |e director  |9 814260 
942 |c BK  |2 ddc 
945 |d 20140529 12:24:00  |a dcastane 
952 |0 0  |1 0  |3 erb  |4 0  |6 347_830000000000000_CHI_2013  |7 0  |8 R  |9 462416  |a BIBDER  |b BIBDER  |i 5081092  |o 347.83 CHI 2013  |p 5081092  |r 2023-01-25  |w 2019-11-23  |y BK_R  |z Catalogado en:20140529  |k DER